| 000 | 00811nam a2200229 4500 | ||
|---|---|---|---|
| 008 | 020227s1998 -hk 0 engCO | ||
| 020 | _a9622582273 | ||
| 090 |
_aDS668 _bK15 |
||
| 100 | 1 | _aDiokno, Maria Serena I. | |
| 245 | 1 | 0 |
_aKasaysayan : _bthe story of the Filipino people : life in the colony / _cMaria Serena I. Diokno, Ramon N. Villegas. |
| 260 |
_a[Hongkong] : _bAsia Publishing Co., _cc1998. |
||
| 300 |
_a302 p. : _bills., ports. |
||
| 500 | _a[BSOP library has the 10 vols. set] | ||
| 504 | _aIncludes bibliographical references | ||
| 505 | 0 | _avol. IV | |
| 650 | 4 | _aFilipinos. | |
| 651 | 4 |
_aEthnology _zPhilippines. |
|
| 651 | 4 |
_aPhilippines _xHistory. |
|
| 700 | 1 | _aVillegas, Ramon N. | |
| 951 |
_p20807 _x00007461 _oDS668/K15-IV _j070613111048953 _d2000-12-21 _cFIL-REF |
||
| 999 |
_c7799 _d7799 |
||